Eastern Economic Journal

Enregistré dans:
Détails bibliographiques
Format: Publication en série
Langue:anglais
Publié: Mahwah Eastern Economic Association 2018
Tags: Ajouter un tag
Pas de tags, Soyez le premier à ajouter un tag!

MARC

LEADER 00000nas2a2200000 4500
001 0243639
005 20230126114606.0
022 |a 0094-5056 
041 0 |a eng 
044 |a US 
245 1 0 |a Eastern Economic Journal 
264 1 |a Mahwah  |b Eastern Economic Association  |c 2018 
773 0 |w eu_un_cat*s120438 
774 0 |w eu_un_cat*0290540